00822nam a2200253 a 4500001001300000003000900013005001700022008004100039020001000080082001500090100001800105245006800123260005900191300000800250500003500258505002400293650001600317700001800333902000800351942000700359952009300366952009400459999001500553nice12345678IN_TiNIC20260116011841.0050524s1920 lona grp 000 0 eng  ac10000a239.9bMUI aMuir, William aCoranb Its Composition and Teaching and the Testimony It Bears aLondonbSociety for Promoting Christian Knowledgc1920 a239 aincludes index and biblioraphy2 atwenty other tracts aApologetics1 aMuir, William bSRS cBK 00104070aHMIbHMId2016-04-19g100.00l0o239.9 MUIp91r0000-00-00w2026-01-16yARB 00104070aHMIbHMId2016-04-19g100.00l0o239.9 MUIp5897r0000-00-00w2026-01-16yEB c4437d4437